Country name annograms Quiz Stats

 Plays Quiz not verified by Sporcle

Challenge
Share
Tweet
Embed
Score 0/20 Timer 05:00
0 Plays Today
Hint Answer % Correct
ABLYIlibya
92%
UREPperu
92%
RAOIMNAromania
90%
UREAINKukraine
86%
OPDNALpoland
84%
UUUAGYRuruguay
84%
AMILmali
82%
PAUAP GUIWENANEpapua new guinea
82%
ZEUQMBIAMOmozambique
82%
YUTREKturkey
82%
Hint Answer % Correct
OMNAoman
78%
GLNNEADengland
76%
SSRAIUrussia
72%
LOIMBACOcolombia
68%
ESNDEWsweden
66%
MVANEITvietnam
64%
GALIONMOmongolia
62%
LREIDANireland
60%
TANKASKHASkazakhstan
54%
RRONADAandorra
52%

You're not logged in!

Compare scores with friends on all Sporcle quizzes.
Join for Free
OR
Log In

You Might Also Like...

Show Comments

Extras

Created Dec 20, 2013ReportNominate
Tags:Country Quiz, World Quiz

Top Quizzes Today


Score Distribution

Your Account Isn't Verified!

In order to create a playlist on Sporcle, you need to verify the email address you used during registration. Go to your Sporcle Settings to finish the process.

Report this User

Report this user for behavior that violates our Community Guidelines.

Details: